HORARY NUMEROLOGY OF THE TRUF (Record no. 371099)

MARC details
000 -LEADER
fixed length control field 00446nam a2200169Ia 4500
008 - FIXED-LENGTH DATA ELEMENTS--GENERAL INFORMATION
fixed length control field 100122s9999 xx 000 0 und d
082 ## - DEWEY DECIMAL CLASSIFICATION NUMBER
Item number 35152
Classification number 133.335
100 ## - MAIN ENTRY--PERSONAL NAME
Personal name RASAJO
245 ## - TITLE STATEMENT
Title HORARY NUMEROLOGY OF THE TRUF
260 ## - PUBLICATION, DISTRIBUTION, ETC. (IMPRINT)
Name of publisher, distributor, etc D.B.TARAPOREVALA & SONS CO
Date of publication, distribution, etc 1905
300 ## - PHYSICAL DESCRIPTION
Extent 146
520 ## - SUMMARY, ETC.
Summary, etc NUMEROLOGY
620 ## -
-- NUMEROLOGY
630 ## - SUBJECT ADDED ENTRY--UNIFORM TITLE
Uniform title HORARY NUMEROLOGY OF THE TRUF
730 ## - ADDED ENTRY--UNIFORM TITLE
Uniform title HORARY NUMEROLOGY OF THE TRUF
942 ## - ADDED ENTRY ELEMENTS (KOHA)
Koha item type Book
Holdings
Withdrawn status Lost status Damaged status Not for loan Home library Current library Date acquired Cost, normal purchase price Total Checkouts Full call number Barcode Date last seen Cost, replacement price Price effective from Koha item type Public note
        S.V. Pathak Library, Vile Parle S.V. Pathak Library, Vile Parle 08/30/1983 10.00   35152 SVPPARLE-35152 01/25/2010 10.00 01/25/2010 Book ", , , NA"